00735nam a2200157Ia 4500008004100000082002400041100002100065245009700086260004700183365000600230630009700236730009700333942000900430999001900439952011900458100415s9999 xx 000 0 und d b15503a584.9(54558) aSingh Bakhshish aManagement of Bamboo Forest Under Jiont Participatory Forest Mangement in Haryana Shivaliks aNEW DELHIc1993bHARYANA FOREST DEPARTMENT b0 aManagement of Bamboo Forest Under Jiont Participatory Forest Mangement in Haryana Shivaliks aManagement of Bamboo Forest Under Jiont Participatory Forest Mangement in Haryana Shivaliks cBOOK c598401d598398 00104070aBNHSbBNHSd1997-10-23g0.00l0o584.9(54558) 15503pBNHS-15503r2010-04-15 00:00:00w2010-04-15yBOOK